000 01326aam a2200337 i 4500
001 768714001
003 CO-MdFUSB
005 20220728144530.0
007 ta
008 211125t1960 mx |||| |||| 00| 0 spa d
020 _q[No incluye ISBN]
040 _bspa.
_aCO-MdFUSB
_cCO-MdFUSB
_dCO-MdFUSBC
_erda
041 _aspa
_heng
082 0 4 _a248
_223
_bG7381s
100 1 _aGraham, Billy (1918-)
_eautor
240 _aThe secret of happiness
245 3 _aEl secreto de la felicidad
_c/ Billy Graham
250 _atercera edición
264 0 _aMéxico, DF. :
_bPublicaciones de La Fuente,
_c[1960]
300 _a156 Páginas
_c; 19 cm
336 _2rdacontent
_atexto
_btxt
337 _2rdamedia
_asin mediación
_bn
338 _2rdacarrier
_avolumen
_bnc
505 _aLa búsqueda de la felicidad. -- La felicidad de la pobreza. -- La felicidad del llanto. -- La felicidad de la mansedumbre. -- La felicidad del hambre y la sed. -- Felices, siendo misericordiosos. -- La felicidad de la limpieza. -- La felicidad de los pacificadores. -- Felices en la persecución. -- Pasos hacia la felicidad.
563 _aRústico
650 7 _aAmor
_9255
_vCristianismo
_xAspectos religiosos
650 0 _aVida cristiana
_919
653 _aBienaventuranzas -- Estudio bíblico.
942 _cBK
945 _aJTF-925
999 _c36178
_d36178